[Event "Stuttgart-chB int"]
[Site "Ditzingen"]
[Date "2010.05.14"]
[Round "3"]
[White "Ruehl, Volker"]
[Black "Schoefzig, Winfried"]
[Result "1-0"]
[WhiteElo "1866"]
[BlackElo "1648"]
[PlyCount "59"]
[EventDate "2010.05.13"]
[EventType "swiss"]
[EventRounds "7"]
[EventCountry "GER"]
[SourceTitle "EXT 2018"]
[Source "ChessBase"]
[SourceDate "2017.10.13"]
[SourceVersion "1"]
[SourceVersionDate "2017.10.13"]
[SourceQuality "1"]

1. d4 Nf6 2. Bg5 Ne4 3. Bf4 d5 4. f3 Nf6 5. e3 e6 6. Bd3 c5 7. c3 Bd6 8. Bxd6 Qxd6 9. f4 cxd4 10. cxd4 Nc6 11. Nc3 a6 12. Nh3 h5 13. Nf2 Bd7 14. Rc1 Rc8 15. 0-0 Qb8 16. Be2 Ne7 17. Bd3 b5 18. Qf3 g6 19. Ne2 0-0 20. g4 hxg4 21. Nxg4 Nxg4 22. Qxg4 Qa7 23. Rxc8 Rxc8 24. Qg5 Nf5 25. Bxf5 exf5 26. Qh6 Be8 27. Rf3 Qc7 28. Rh3 f6 29. Qh8+ Kf7 30. Rh7+ 1-0